Preliminary assessment of rubberwood (Hevea brasiliensis) for plywood manufacture (Record no. 45957)

MARC details
000 -LEADER
fixed length control field 00313nam a2200109Ia 4500
100 ## - MAIN ENTRY--AUTHOR NAME
Personal name Wong C N
245 #0 - TITLE STATEMENT
Title Preliminary assessment of rubberwood (Hevea brasiliensis) for plywood manufacture
260 ## - PUBLICATION, DISTRIBUTION, ETC. (IMPRINT)
Name of publisher Malaysian Forester
Year of publication 1979
300 ## - PHYSICAL DESCRIPTION
Number of Pages 30-37
942 ## - ADDED ENTRY ELEMENTS (KOHA)
Koha item type Reprints
Holdings
Withdrawn status Lost status Damaged status Not for loan Home library Current library Date acquired Serial Enumeration / chronology Accession Number Koha item type
      Reprints RRII Library RRII Library 22/12/2021 Volume 42, Issue 1 P0828 Reprints